000 00648nam a2200193Ia 4500
003 LDD
008 190117s9999 xx 000 0 und d
020 _a9789381611616
_c₹225
040 _cLDD
041 _ahi
082 _a8H1.71 श्री6801घ
100 _aश्रीवास्तव, ब्रिज
245 0 _aघर के भीतर घर
_cब्रिज श्रीवास्तव
260 _aदिल्ली
_bशिल्पायन
_c2013
300 _a126p.
901 _aVANI
904 _aReqst by : Jitendra Kumar Srivasta
942 _2ddc
_cH
999 _c172350
_d172350